000
00330cam a2200121 4500
008
070425n2006 000 0 eng u
020
_a
0728203693
035
_a
(Sirsi) u137723
100
1
_a
Enever, Nigel
245
_a
Tha valuation of property investments
260
_a
Estates Gazette Ltd; 6Rev Ed edition
_c
2006
942
_n
0
999
_c
116306
_d
116306